|
|
|
|
| LEADER |
00000nam a2200000 a 4500 |
| 001 |
vtls008633578 |
| 003 |
SK-MaSNL |
| 005 |
20260328034435.0 |
| 008 |
060322s2005 xo ob g f 000 0 slo |
| 020 |
|
|
|a 808903537X (brož.)
|
| 040 |
|
|
|a SNK
|b slo
|c SNK
|e AACR2
|
| 041 |
0 |
|
|a slo
|
| 043 |
|
|
|a e-xo---
|
| 044 |
|
|
|a xo
|c SK
|
| 072 |
|
7 |
|a 502
|x Životné prostredie a jeho ochrana
|2 konspekt
|
| 080 |
|
|
|a [061:005.56]-027.543
|2 2001
|
| 080 |
|
|
|a 502.21(1-751)
|2 2001
|
| 080 |
|
|
|a 502.17
|2 2001
|
| 080 |
|
|
|a 581.9
|2 2001
|
| 080 |
|
|
|a 504:582
|2 2001
|
| 080 |
|
|
|a 502.172:582
|2 2001
|
| 080 |
|
|
|a 591.9
|2 2001
|
| 080 |
|
|
|a 504:592/599
|2 2001
|
| 080 |
|
|
|a 502.172:592/599
|2 2001
|
| 080 |
|
|
|a 574.2
|2 2001
|
| 080 |
|
|
|a 502.171:574.2
|2 2001
|
| 080 |
|
|
|a (437.6)
|2 2001
|
| 080 |
|
|
|a (036)
|2 2001
|
| 245 |
0 |
0 |
|a Milič
|b NATURA 2000
|c [autori fotografií: M. Balla ... [et al.]]
|
| 250 |
|
|
|a [1. vyd.]
|
| 260 |
|
|
|a Banská Bystrica
|b Štátna ochrana prírody SR
|c 2005
|
| 300 |
|
|
|a 11 s.
|b fotogr., mp.
|c 21 cm
|
| 500 |
|
|
|a Názov z obalu
|
| 610 |
2 |
7 |
|a NATURA 2000 (sústava chránených území)
|2 SNKKA
|9 94538
|
| 650 |
0 |
7 |
|a medzinárodné programy a projekty
|2 SNKPH
|9 247444
|
| 650 |
0 |
7 |
|a chránené územia
|2 SNKPH
|9 3785
|
| 650 |
0 |
7 |
|a ochrana prírody
|2 SNKPH
|
| 650 |
0 |
7 |
|a flóra
|2 SNKPH
|9 85117
|
| 650 |
0 |
7 |
|a ochrana rastlín
|2 SNKPH
|9 3636
|
| 650 |
0 |
7 |
|a fauna
|2 SNKPH
|9 3748
|
| 650 |
0 |
7 |
|a ohrozené druhy živočíchov
|2 SNKPH
|9 3697
|
| 650 |
0 |
7 |
|a ochrana živočíchov
|2 SNKPH
|9 3949
|
| 650 |
0 |
7 |
|a biotopy
|2 SNKPH
|9 3901
|
| 650 |
0 |
7 |
|a ochrana biotopov
|2 SNKPH
|9 310843
|
| 650 |
0 |
7 |
|a ohrozené druhy rastlín
|2 SNKPH
|9 1635674
|
| 651 |
|
7 |
|a Milič (Slovensko)
|2 SNKPH
|9 114672
|
| 655 |
|
7 |
|a informačné publikácie
|2 SNKPH
|9 70181
|
| 700 |
1 |
|
|a Balla, M.
|4 pht
|9 310844
|
| 919 |
|
|
|a 80-89035-37-X
|
| 999 |
|
|
|c 565705
|d 567635
|
| 952 |
|
|
|a SNK
|b SNK
|y PREZ
|7 0
|p 17A0503440
|o snkOSC 23417
|i snk2006/6150
|8 0
|0 0
|1 0
|4 0
|d 2006-03-22
|l 0
|r 2026-02-23 13:56:54
|w 2026-02-23
|
| 952 |
|
|
|a SNK
|b SNK
|y VYP
|7 0
|p 17A0503441
|o snkOSC 23417 D1
|i snk2006/6151
|8 0
|0 0
|1 0
|4 0
|d 2006-03-22
|l 0
|r 2026-02-23 13:56:54
|w 2026-02-23
|